logo

Bir Sreshtho Munshi Abdur Rouf Library
Jhenaidah Cadet College

Pakistan : (Record no. 8410)

MARC details
000 -LEADER
fixed length control field 00722nam a2200253 a 4500
001 - CONTROL NUMBER
JCCL Control Number 8410
003 - CONTROL NUMBER IDENTIFIER
JCCL marc code (BD-JhCC)
005 - DATE AND TIME OF LATEST TRANSACTION
control field 20180224084725.0
008 - FIXED-LENGTH DATA ELEMENTS--GENERAL INFORMATION
fixed length control field 930125s1966 enkabf b 001 0 eng d
035 ## - SYSTEM CONTROL NUMBER
system control number (BD-JhCC)8410
040 ## - CATALOGING SOURCE
Original cataloging agency DLC
Transcribing agency WSU
Modifying agency SER
-- OCL
-- EQO
041 ## - LANGUAGE CODE
Language code of Book eng
050 #0 - LIBRARY OF CONGRESS CALL NUMBER
Classification number DS377
Item number .T3
082 ## - DEWEY DECIMAL CLASSIFICATION NUMBER
Classification number 915.49
Author mark and Year TAY 1966
100 1# - MAIN ENTRY--PERSONAL NAME
Personal name Tayyeb, Ali.
245 10 - TITLE STATEMENT
Title Pakistan :
Remainder of title a political geography /
Statement of responsibility, etc A. Tayyeb
260 ## - PUBLICATION, DISTRIBUTION, ETC. (IMPRINT)
Place of publication, distribution, etc Oxford University Press :
Name of publisher, distributor, etc London,
Date of publication, distribution, etc c1966
300 ## - PHYSICAL DESCRIPTION
Pagination xvi, 250 p. :
Other physical details 2 plates, maps, tables ;
Dimensions 26 cm
504 ## - BIBLIOGRAPHY, ETC. NOTE
Bibliography, etc Includes bibliography: p.[234]-240
651 #0 - SUBJECT ADDED ENTRY--GEOGRAPHIC NAME
Geographic name Pakistan
General subdivision Boundaries
651 #0 - SUBJECT ADDED ENTRY--GEOGRAPHIC NAME
Geographic name Pakistan
General subdivision Description and travel
942 ## - ADDED ENTRY ELEMENTS (KOHA)
Source of classification or shelving scheme Dewey Decimal Classification
Koha item type Books
Holdings
Source of classification or shelving scheme Damaged status Not for loan Home library Current library Shelving location Date of accession Total Checkouts Full call number Barcode Date last seen Copy number Koha item type
Dewey Decimal Classification     JCC Rouf Library JCC Rouf Library General Stacks 02/24/2018   915.49 TAY 1966 11041 02/24/2018 C-1 Books
Dewey Decimal Classification     JCC Rouf Library JCC Rouf Library General Stacks 02/24/2018   915.49 TAY 1966 11040 02/24/2018 C-2 Books

JCC Library | Contacts | JCC Home

Last Update on 23 September 2017
Copyright @ 2017-2020 JCC Rouf Library
Rouf Library, Jhenidah Cadet College (JCC), Bangladesh